Responses for show #372 - Tuesday, February 11, 1986

Dan Green game 1.

Contestants

[<< previous game]

Miles Neff, a television cameraman from Long Beach, California

Pat Nilsson, a travel writer from San Diego, California

Dan Green, a teacher from Las Vegas, Nevada

[next game >>]

Jeopardy! Round responses

20TH CENTURY
CASABLANCA
(Alex: The category has to do with the film.)
SPORTS DATES
PETROLEUM
GOLDEN OLDIES
POTPOURRI
    $100 11
United States

Pat
    $100 16
"a hill of beans"

Miles
    $100 21
(Miles: What is a grand slam home run?)

a pitched ball

DanMiles
    $100 1
(Dan: What is Texas?)

Alaska

DanPat
    $100 4
"a rabbit"

Miles
    $100 2
blue

Pat
    $200 12
Russia (the Soviet Union)

Dan
    $200 17
Paul Henreid

Pat
    $200 22
Munich

Miles
    $200 7
crude

Dan
    $250 5
The Carpenters

Miles
    $200 3
Supergirl

Miles
    $300 13
the Mona Lisa

Pat
    $300 18
(Dan: She hums it. She hums...What is [*]?)

by humming the song

Dan
    $300 23
Jack Nicklaus

Miles
    $300 8
(Miles: What is tetraethyl lead?)

octane

Miles
Triple Stumper
    $300 6
(Alex: It's called [*]. Miles, select again.)
(Miles: I am.)
(Alex: You are.)

"Who's Sorry Now?"

Triple Stumper
    $300 26
(Miles: What country is Spain?)

Mexico

Miles
Triple Stumper
    $400 14
1975

Dan
    $400 19
the title of the play on which the film was based

Triple Stumper
    $400 24
a basketball game

Dan
    $400 9
(Pat: What is Bolivia?)

Venezuela

DanPat
    $500 15
Josef Mengele

Dan
    $500 20
inside the piano (Sam's piano)

Dan
    $500 25
Lou Gehrig

Dan
    $500 10
pitch

Dan

Scores at the first commercial break (after clue 10):

Dan Pat Miles
$1,000 -$200 $250

Scores at the end of the Jeopardy! Round:

Dan Pat Miles
$3,900 $400 $450

Double Jeopardy! Round responses

MEDICAL SCHOOL
FOREIGN PHRASES
NEW TESTAMENT
NEVADA
VICE-PRESIDENTS
"GREEN"
    $200 24
estrogen

Miles
    $200 13
a faux pas

Miles
    $200 2
the devil

Dan
    $200 7
Lake Tahoe

Miles
    $200 19
the letter A

Miles
    $200 1
(because it's made of) green cheese

Dan
    $400 14
(Dan: What is pronto?)
(Alex: [After a pause] Tonto. We were hoping you'd give us both of them.)

pronto (Tonto)

Dan
    $400 3
baptising

Dan
    $400 10
the atom bomb (testing)

Miles
    $400 20
(Alex: We've got about a minute to go in the round.)

Richard Nixon

Pat
    $400 8
the Green Mountain Boys

Pat
    $1,000 16
sub rosa

Miles
    $600 4
an angel

Dan
    $600 15
(Dan: What are counties in the state of Nevada?)
(Pat: [Without ringing in] What are [*]?)
(Miles: What are [*]?)
(Alex: Sorry, Pat. You did not ring in. Miles did.)

Indian tribes

DanMiles
    $600 21
(Pat: Who is Seward?)
...
(Alex: Who is [*]? He was Teddy Roosevelt's vice president.)

Charles Fairbanks

Pat
Triple Stumper
    $600 9
Soylent Green

Dan
    $800 17
(Dan: What is a pinnacle?)

acme

DanPat
    $800 5
Pentecost

Dan
    $800 22
Aaron Burr

Triple Stumper
    $800 11
The Greening of America

Miles
    $1000 25
(Miles: What is a blood count?)
(Alex: Be more specific.)
(Miles: What is a cell blood count?)

a complete blood count

DanMiles
    $1000 18
to kowtow

Pat
    $1000 6
the Apostle Paul

Dan
    $1000 26
the Treaty of Guadalupe Hidalgo

Triple Stumper
    $1000 23
Hannibal Hamlin

Triple Stumper
    $1,000 12
(Miles: What is "Green, Green" & "The Grass Is Greener On The Other Side"?)

"Greenfields" & "The Green Leaves Of Summer"

Miles

Scores at the end of the Double Jeopardy! Round:

Dan Pat Miles
$7,700 $2,400 $2,050
(lock game)

[wagering suggestions for these scores]

Final Jeopardy! Round responses

EUROPE
MilesWhat is Russia
$2,050
PatWhat is Germany
$0
DanWhat is Germany?
$2,000
Germany

Final scores:

Dan Pat Miles
$9,700 $2,400 $0
New champion: $9,700 2nd place: a G.E. VCR + Lane Action recliner 3rd place: Oneida Silversmiths gift certificate

Game dynamics:

Coryat scores:

Dan Pat Miles
$7,700 $2,400 $2,600
20 R,
3 W
9 R,
2 W
14 R
(including 2 DDs),
5 W
(including 1 DD)

Combined Coryat: $12,700

The J! Archive is created by fans, for fans. The Jeopardy! game show and all elements thereof, including but not limited to copyright and trademark thereto, are the property of Jeopardy Productions, Inc. and are protected under law. This website is not affiliated with, sponsored by, or operated by Jeopardy Productions, Inc. Join the discussion at JBoard.tv.